|
|
|
|
| LEADER |
00982nam a22002772a 4500 |
| 001 |
000869109 |
| 003 |
CZ BrMZK |
| 005 |
20071005083524.0 |
| 007 |
ta |
| 008 |
071005s1985 xr er|||||||||||cze d |
| 040 |
|
|
|a BOA001
|b cze
|
| 080 |
9 |
|
|a 016
|
| 080 |
9 |
|
|a 504.054/.055
|
| 080 |
9 |
|
|a 502.53
|
| 080 |
9 |
|
|a 581.55
|
| 100 |
1 |
|
|a Suchara, Ivan,
|d 1951-
|7 jo20000080235
|4 aut
|
| 245 |
1 |
0 |
|a Výběrová bibliografie k problematice rostlin v průmyslovém a městském prostředí :
|b dodatky /
|c Ivan Suchara
|
| 260 |
|
|
|a Průhonice :
|b Výzkumný a šlechtitelský ústav okrasného zahradnictví,
|c 1985
|
| 300 |
|
|
|a 49 s.
|
| 910 |
|
|
|a BOA001
|b 4-0907.403
|
| 964 |
|
|
|a Rostliny - průmyslové prostředí - bibliografie
|
| 964 |
|
|
|a Průmyslové prostředí - rostliny - bibliografie
|
| 964 |
|
|
|a Městské prostředí - rostliny - bibliografie
|
| 990 |
|
|
|a BK
|
| 991 |
|
|
|b 200710
|
| 996 |
6 |
|
|b 2619260510
|c 4-0907.403
|l MZK
|r Sklad / do 1 hodiny
|n 1
|w 000869109
|u 000010
|a 1
|e BOA001
|j MZK50
|s P
|